Kannst du alle Namen der Regionallinien nennen? - Statistiken

Allgemein
  • Dieses Quiz wurde 23 mal gespielt
  • Das Durchschnittsergebnis liegt bei 20 aus 85
Antwortstatistiken
Hint Antwort % Korrekt
RE1 Aachen Hbf - Hamm Hbf NRW-Express
65%
RE9 Aachen Hbf - Siegen Hbf Rhein-Sieg-Express
59%
RB33 Aachen Hbf - Essen-Steele/Heinsberg Rhein-Niers-Bahn
47%
RE17 Hagen Hbf - Kassel-Wilhelmshöhe Sauerland-Express
47%
RB20 Stolberg Hbf - Stolberg Hbf/Stolberg Rathaus und Düren - Eschweiler West euregiobahn
41%
RB64 Münster Hbf - Enschede (NL) Euregio-Bahn
41%
RE5 Wesel - Koblenz Hbf Rhein-Express
41%
RE4 Aachen Hbf - Dortmund Hbf Wupper-Express
41%
RB31 Duisburg Hbf - Xanten Der Niederrheiner
35%
RB24 Köln Messe/Deutz - Kall Eifel-Bahn
35%
RE22 Köln Messe/Deutz - Kall Eifel-Express
35%
RE13 Venlo - Hamm Hbf Maas-Wupper-Express
35%
RE3 Düsseldorf Hbf - Hamm Hbf Rhein-Emscher-Express
35%
RB27 Mönchengladbach Hbf - Koblenz Hbf Rhein-Erft-Bahn
35%
RE2 Düsseldorf Hbf - Osnabrück Hbf Rhein-Haard-Express
35%
RE34/IC34 Siegen Hbf - Dortmund Hbf/Letmathe Dortmund-Siegerland-Express
29%
RE15 Münster Hbf - Emden Hbf Emsland-Express
29%
RE18 Aachen Hbf - Maastricht LIMAX
29%
RB26 Köln Messe/Deutz - Mainz Hbf MittelrheinBahn
29%
RE42 Mönchengladbach - Münster Hbf Niers-Haard-Express
29%
RE8 Mönchengladbach Hbf - Koblenz Hbf Rhein-Erft-Express
29%
RE11 Düsseldorf Hbf - Kassel-Wilhelmshöhe Rhein-Hellweg-Express
29%
RE19 Düsseldorf Hbf - Arnhem Centraal/Bocholt Rhein-Ijssel-Express
29%
RE7 Rheine - Krefeld Hbf Rhein-Münsterland-Express
29%
RE6 Köln/Bonn Flughafen - Minden Rhein-Weser-Express
29%
RB53 Iserlohn - Dortmund Hbf Ardey-Bahn
24%
RE57 Dortmund Hbf - Brilon Stadt/Winterberg Dortmund-Sauerland-Express
24%
RB84 Paderborn Hbf - Kreiensen Egge-Bahn
24%
RB28 Düren - Euskirchen Eifel-Bördebahn
24%
RE12 Köln Messe/Deutz - Kall Eifel-Mosel-Express
24%
RE14 Essen Hbf - Coesfeld/Borken Emscher-Münsterland-Express
24%
RB46 Bochum Hbf - Gelsenkirchen Hbf Glückauf-Bahn
24%
RB54 Unna - Neuenrade Hönnetal-Bahn
24%
RE10 Düsseldorf Hbf - Kleve Niers-Express
24%
RB25 Köln Hansaring - Lüdenscheid-Brügge Oberbergische Bahn
24%
RB30 Bonn Hbf - Walporzheim Rhein-Ahr-Bahn
24%
RB32 Duisburg Hbf - Dortmund Hbf Rhein-Emscher-Bahn
24%
RE16 Essen Hbf - Iserlohn Ruhr-Lenne-Express
24%
RB21 Nord Düren - Linnich Rurtalbahn
24%
RB21 Süd Düren - Heimbach Rurtalbahn
24%
RB66 Münster Hbf - Osnabrück Hbf Teuto-Bahn
24%
RB52 Rummenohl - Dortmund Hbf Volmetal-Bahn
24%
RB51 Enschede (NL) - Dortmund Hbf Westmünsterland-Bahn
24%
RB63 Coesfeld - Münster Zentrum Nord Baumberge-Bahn
18%
RB50 Münster Hbf - Dortmund Hbf Der Lüner
18%
RB67 Münster Hbf - Bielefeld Hbf Der Warendorfer
18%
RB39 Bedburg - Düsseldorf Hbf Düssel-Erft-Bahn
18%
RE47 Düsseldorf Hbf - Remscheid-Lennep Düssel-Wupper-Express
18%
RB65 Münster Hbf - Rheine Ems-Bahn
18%
RB69 Münster Hbf - Bielefeld Hbf Ems-Börde-Bahn
18%
RB89 Münster Hbf - Warburg Ems-Börde-Bahn
18%
RB35 Mönchengladbach Hbf - Gelsenkirchen Hbf Emscher-Niederrhein-Bahn
18%
RB43 Dorsten - Dortmund Hbf Emschertal-Bahn
18%
RE60 Rheine - Braunschweig Hbf Ems-Leine-Express
18%
RB38 Bedburg - Köln Messe/Deutz Erft-Bahn
18%
RE44 Bottrop Hbf - Moers Fossa-Emscher-Express
18%
RB59 Dortmund Hbf - Soest Hellweg-Bahn
18%
RE99 Siegen Hbf - Frankfurt Hbf Main-Sieg-Express
18%
RB72 Herford - Paderborn Hbf Ostwestfalen-Bahn
18%
RB48 Wuppertal-Oberbarmen - Bonn-Mehlem Rhein-Wupper-Bahn
18%
RB40 Essen Hbf - Hagen Hbf Ruhr-Lenne-Bahn
18%
RB36 Duisburg-Ruhrort - Oberhausen Hbf Ruhrort-Bahn
18%
RB91 Hagen Hbf - Siegen Hbf/Iserlohn Ruhr-Sieg-Bahn
18%
RB34 Mönchengladbach Hbf - Dalheim Schwalm-Nette-Bahn
18%
RB74 Bielefeld Hbf - Paderborn Hbf Senne-Bahn
18%
RB77 Bünde - Hildesheim Hbf Weser-Bahn
18%
RB61 Hengelo (NL) - Bielefeld Hbf Wiehengebirgs-Bahn
18%
RE49 Wesel - Wuppertal Hbf Wupper-Lippe-Express
18%
RB92 Finnentrop - Olpe Biggesee-Express
12%
RB58 Osnabrück Hbf - Bremen Hbf Der Bramscher
12%
RE82 Bielefeld Hbf - Altenbeken Der Leineweber
12%
RB73 Bielefeld Hbf - Lemgo-Lüttfeld Der Lipperländer
12%
RE29 Aachen Hbf - Spa-Géronstère euregioAIXpress
12%
RB75 Bielefeld Hbf - Osnabrück Hbf Haller Willem
12%
RB96 Betzdorf - Dillenburg Hellertal-Bahn
12%
RE97/RB97 Brilon Stadt - Marburg Lahn-Sauerland-Express
12%
RB94 Erndtebrück - Marburg Obere Lahntalbahn
12%
RB85 Paderborn Hbf - Göttingen Oberweser-Bahn
12%
RE78 Bielefeld Hbf - Nienburg Porta-Express
12%
RB71 Bielefeld Hbf - Rahden Ravensberger Bahn
12%
RB93 Betzdorf - Bad Berleburg Rothaar-Bahn
12%
RB95 Siegen Hbf - Dillenburg Sieg-Dill-Bahn
12%
RB23 Euskirchen - Bad Münstereifel Voreifel-Bahn
12%
RE70 Bielefeld Hbf - Braunschweig Hbf Weser-Leine-Express
12%
RB90 Limburg - Siegen Hbf Westerwald-Sieg-Bahn
12%
Keine übereinstimmenden Quizze gefunden
Verteilung der Resultate
Anzahl Personen mit jedem Resultat
Perzentil nach korrekt beantworteten Fragen
Ihre Resultats-Entwicklung
Sie haben dieses Quiz noch nicht gespielt